00731nam a22002057a 4500999001700000005001700017008004100034020001500075040002700090041000800117044000700125082001800132100002000150245005200170260004100222300007300263650003200336942001500368952014200383 c20662d2066220191227072839.0191227b xxu||||| |||| 00| 0 spa d a3774242356 aCO-BoIAVH cCO-BoIAVH  ager agx a581.634bP75g aPodlech, Dieter aGU Natur-führer Heil pflanzencDieter Podlech aMünchen,bGräfe und Unzer,c1987 a254 páginasbFotografías e ilustraciones a colorc17.9 x 10.1 cm 0aPlantas medicinaleszEuropa 2ddccLIBRO 00102ddc40708GENERALaBogotabBogotad2019-12-27l0oLB-581.634 P75gp043915r2019-12-27 00:00:00tEj. 1w2019-12-27xDonacionyLIBRO